000
00269nam a2200109Ia 4500
008
190216s9999||||xx |||||||||||||| ||und||
100
_a
Chandan J.S
245
0
_a
Management Concepts And Stategies
260
_b
Vikas Publishing House
_c
1997
300
_a
552p
942
_c
BK
999
_c
6043
_d
6043